[Event "NOR-ch"]
[Site "Bergen"]
[Date "2025.07.12"]
[Round "9"]
[White "Melaa, Sondre Lillestol"]
[Black "Tari, Aryan"]
[Result "0-1"]
[WhiteElo "2328"]
[BlackElo "2636"]
[PlyCount "92"]
[EventDate "2025.07.04"]
[EventType "swiss"]
[EventRounds "9"]
[EventCountry "NOR"]
[SourceTitle "CB29_2025"]
[SourceDate "2025.07.16"]
[SourceVersion "1"]
[SourceVersionDate "2025.07.16"]
[SourceQuality "1"]

1. c4 e6 2. g3 d5 3. Bg2 d4 4. Nf3 Nc6 5. 0-0 Nh6 6. e3 Nf5 7. e4 Nfe7 8. e5 d3 9. a3 a5 10. b3 b6 11. Bb2 Bb7 12. Nc3 Nf5 13. Re1 h5 14. h4 Qd7 15. Ne4 Be7 16. Qb1 Rd8 17. Nfg5 Qc8 18. f4 a4 19. b4 Ncd4 20. Qxd3 Nb3 21. Qc2 Bxg5 22. fxg5 Nxa1 23. Qxa4+ Qd7 24. Qxd7+ Rxd7 25. Bxa1 Bxe4 26. Bxe4 Rxd2 27. Bxf5 exf5 28. e6 0-0 29. Be5 fxe6 30. Bxc7 Ra8 31. Bxb6 Rxa3 32. Bc7 Rc2 33. b5 Rb3 34. b6 Kf7 35. g6+ Kf6 36. Bd8+ Kxg6 37. Rxe6+ Kh7 38. Kf1 Rf3+ 39. Ke1 Rxg3 40. Re2 Rxc4 41. Rb2 Re3+ 42. Kf2 Rec3 43. Rb5 Rd3 44. Bg5 Rc2+ 45. Ke1 Rh3 46. Kd1 Ra2 0-1

[Event "Titled Tuesday intern op 20th May Late"]
[Site "Chess.com INT"]
[Date "2025.05.20"]
[Round "1"]
[White "Tari, Aryan"]
[Black "Hoeffer, David"]
[Result "0-1"]
[WhiteElo "2636"]
[BlackElo "2295"]
[PlyCount "102"]
[EventDate "2025.05.20"]
[EventType "swiss (blitz)"]
[EventRounds "11"]
[EventCountry "USA"]
[SourceTitle "CB22_2025"]
[SourceDate "2025.05.28"]
[SourceVersion "1"]
[SourceVersionDate "2025.05.28"]
[SourceQuality "1"]

1. e4 e5 2. Nf3 Nc6 3. d4 exd4 4. Nxd4 Bc5 5. Nxc6 Qf6 6. Qf3 dxc6 7. Nc3 Be6 8. Be3 Qxf3 9. gxf3 Bxe3 10. fxe3 0-0-0 11. Rg1 g6 12. Ne2 Bc4 13. Bh3+ Kb8 14. Nd4 c5 15. Nb3 Bxb3 16. axb3 Ne7 17. Ke2 Nc6 18. c3 Ne5 19. Rad1 f6 20. f4 Nf7 21. Kf3 c6 22. Be6 Nd6 23. h4 Rhe8 24. f5 Kc7 25. Rg2 Nxf5 26. Rxd8 Nxh4+ 27. Ke2 Kxd8 28. Rh2 Rxe6 29. Rxh4 h5 30. Kf3 Ke7 31. Rh1 Rd6 32. Ke2 Kf7 33. Ra1 a6 34. Ra5 g5 35. Rxc5 h4 36. Rf5 Kg6 37. Kf3 Rd2 38. Rc5 h3 39. Ra5 h2 40. Ra1 Rxb2 41. b4 Kh5 42. Kg3 Re2 43. Rf1 b6 44. Kf3 Rc2 45. Kg3 Kg6 46. Kf3 a5 47. bxa5 bxa5 48. Ra1 a4 49. e5 fxe5 50. Ke4 a3 51. Kd3 Rg2 0-1

[Event "Titled Tuesday intern op 20th May Late"]
[Site "Chess.com INT"]
[Date "2025.05.20"]
[Round "2"]
[White "Weidenhoefer, Max"]
[Black "Tari, Aryan"]
[Result "0-1"]
[WhiteElo "2171"]
[BlackElo "2636"]
[PlyCount "54"]
[EventDate "2025.05.20"]
[EventType "swiss (blitz)"]
[EventRounds "11"]
[EventCountry "USA"]
[SourceTitle "CB22_2025"]
[SourceDate "2025.05.28"]
[SourceVersion "1"]
[SourceVersionDate "2025.05.28"]
[SourceQuality "1"]

1. d4 Nf6 2. c4 e6 3. Nf3 d5 4. g3 h6 5. Bg2 Bd6 6. 0-0 0-0 7. Nc3 Nc6 8. Qc2 dxc4 9. Nb5 Na5 10. Bd2 Bd7 11. Nxd6 cxd6 12. Bxa5 Qxa5 13. Qxc4 Bb5 14. Qc2 Rac8 15. Qd1 Rc7 16. Re1 Rfc8 17. e4 Rc2 18. b3 Ng4 19. a4 Nxf2 20. Qb1 Bd3 21. Re3 Qc3 22. Ne1 Rd2 23. Nxd3 Nxd3 24. Bf1 Qxd4 25. Bxd3 Qxe3+ 26. Kh1 Qf3+ 27. Kg1 Qg2# 0-1

[Event "EU-ch 25th"]
[Site "Eforie Nord"]
[Date "2025.03.17"]
[Round "3"]
[White "Bosiocic, Marin"]
[Black "Tari, Aryan"]
[Result "1/2-1/2"]
[WhiteElo "2518"]
[BlackElo "2621"]
[PlyCount "49"]
[EventDate "2025.03.15"]
[EventType "swiss"]
[EventRounds "11"]
[EventCountry "ROU"]
[SourceTitle "CB13_2025"]
[SourceDate "2025.03.26"]
[SourceVersion "1"]
[SourceVersionDate "2025.03.26"]
[SourceQuality "1"]

1. d4 Nf6 2. c4 e6 3. Nf3 d5 4. Nc3 Nbd7 5. Qc2 Bb4 6. g3 dxc4 7. Bg2 Nd5 8. e4 Nxc3 9. bxc3 Be7 10. Qa4 0-0 11. Qxc4 b6 12. 0-0 Bb7 13. Qe2 c5 14. Rd1 cxd4 15. cxd4 Re8 16. Bb2 Bf8 17. a4 Rc8 18. Ne1 Qc7 19. e5 Nb8 20. Rac1 Qd7 21. Qb5 Bc6 22. Bxc6 Nxc6 23. d5 exd5 24. Qxd5 Qg4 25. Rc4 1/2-1/2

[Event "Titled Tuesday intern op 04th Mar Early"]
[Site "Chess.com INT"]
[Date "2025.03.04"]
[Round "5"]
[White "Kozlov, Oleg"]
[Black "Tari, Aryan"]
[Result "0-1"]
[WhiteElo "2253"]
[BlackElo "2621"]
[PlyCount "74"]
[EventDate "2025.03.04"]
[EventType "swiss (blitz)"]
[EventRounds "11"]
[EventCountry "USA"]
[SourceTitle "CB11_2025"]
[SourceDate "2025.03.12"]
[SourceVersion "1"]
[SourceVersionDate "2025.03.12"]
[SourceQuality "1"]

1. d4 d5 2. c4 e6 3. Nf3 Nf6 4. g3 h6 5. Bg2 Bd6 6. 0-0 0-0 7. b3 b6 8. Bb2 Bb7 9. Nc3 Nbd7 10. Rc1 a6 11. cxd5 exd5 12. Rc2 Re8 13. Qc1 Ne4 14. e3 Qe7 15. Nb1 a5 16. Ba3 c5 17. dxc5 bxc5 18. Rd1 a4 19. Nc3 axb3 20. axb3 Ndf6 21. Nb5 Rac8 22. Bh3 Rc6 23. Nxd6 Qxd6 24. Nd4 Ng5 25. Bg2 Rcc8 26. Rxc5 Qd7 27. Bb2 Nfe4 28. Rc2 Nh3+ 29. Bxh3 Qxh3 30. f3 Ng5 31. Rxc8 Bxc8 32. Qd2 h5 33. Qf2 Qd7 34. Kh1 Ba6 35. b4 Bc4 36. Bc3 Qa4 37. Rc1 Qa3 0-1

[Event "Titled Tuesday intern op 04th Mar Early"]
[Site "Chess.com INT"]
[Date "2025.03.04"]
[Round "4"]
[White "Tari, Aryan"]
[Black "Germanovs, Georgijs"]
[Result "0-1"]
[WhiteElo "2621"]
[BlackElo "2255"]
[PlyCount "42"]
[EventDate "2025.03.04"]
[EventType "swiss (blitz)"]
[EventRounds "11"]
[EventCountry "USA"]
[SourceTitle "CB11_2025"]
[SourceDate "2025.03.12"]
[SourceVersion "1"]
[SourceVersionDate "2025.03.12"]
[SourceQuality "1"]

1. e4 e6 2. d4 d5 3. exd5 exd5 4. Nf3 c5 5. Bb5+ Nc6 6. 0-0 Nf6 7. Be3 c4 8. b3 cxb3 9. axb3 Bd6 10. c4 0-0 11. c5 Bc7 12. h3 h6 13. Bd3 Nb4 14. Nc3 a6 15. Bb1 Re8 16. Qd2 Nc6 17. Bf4 Ne4 18. Bxe4 Bxf4 19. Qxf4 dxe4 20. Nxe4 Nxd4 21. Nd6 Ne2+ 0-1

[Event "Titled Tuesday intern op 04th Mar Early"]
[Site "Chess.com INT"]
[Date "2025.03.04"]
[Round "6"]
[White "Tari, Aryan"]
[Black "Kosteniuk, Alexandra"]
[Result "0-1"]
[WhiteElo "2621"]
[BlackElo "2484"]
[PlyCount "128"]
[EventDate "2025.03.04"]
[EventType "swiss (blitz)"]
[EventRounds "11"]
[EventCountry "USA"]
[SourceTitle "CB11_2025"]
[SourceDate "2025.03.12"]
[SourceVersion "1"]
[SourceVersionDate "2025.03.12"]
[SourceQuality "1"]

1. c4 e5 2. Qc2 Nc6 3. Nc3 g6 4. a3 Bg7 5. b4 Nd4 6. Qd1 f5 7. Bb2 Nf6 8. e3 Ne6 9. d3 d5 10. cxd5 Nxd5 11. Qb3 c6 12. Nf3 Qd6 13. Be2 0-0 14. 0-0 Bd7 15. Rfd1 Kh8 16. Rac1 Nec7 17. Na4 Rae8 18. Nc5 Bc8 19. Qa2 b6 20. Nb3 Bb7 21. Nbd2 Qe7 22. Qa1 b5 23. Nb3 Ba8 24. Na5 Qd6 25. Rc2 Nb6 26. Rdc1 Na4 27. Rxc6 Bxc6 28. Rxc6 Qe7 29. Bxe5 Bxe5 30. Nxe5 Qxe5 31. Qxe5+ Rxe5 32. Rxc7 a6 33. Bf3 Ree8 34. Bb7 f4 35. e4 Rd8 36. h4 Rxd3 37. Bxa6 Rxa3 38. Bxb5 Nc3 39. Bc6 f3 40. gxf3 Ne2+ 41. Kh2 Raxf3 42. e5 Rxf2+ 43. Kh3 Nf4+ 44. Kg3 Nh5+ 45. Kh3 Nf4+ 46. Kg4 Ne6 47. Re7 R2f4+ 48. Kg3 Nd4 49. Bd7 Ne2+ 50. Kh3 Rf3+ 51. Kg2 Rf2+ 52. Kh1 Rf1+ 53. Kg2 R8f2+ 54. Kh3 Rf3+ 55. Kg2 Nf4+ 56. Kh2 R1f2+ 57. Kh1 Rf1+ 58. Kh2 R3f2+ 59. Kg3 Nh5+ 60. Kh3 Rf3+ 61. Kg2 R1f2+ 62. Kg1 Nf4 63. Bg4 Rg2+ 64. Kh1 Rf1# 0-1

[Event "Titled Tuesday intern op 04th Mar Early"]
[Site "Chess.com INT"]
[Date "2025.03.04"]
[Round "11"]
[White "Tari, Aryan"]
[Black "Rozman, Levy"]
[Result "1-0"]
[WhiteElo "2621"]
[BlackElo "2324"]
[PlyCount "77"]
[EventDate "2025.03.04"]
[EventType "swiss (blitz)"]
[EventRounds "11"]
[EventCountry "USA"]
[SourceTitle "CB11_2025"]
[SourceDate "2025.03.12"]
[SourceVersion "1"]
[SourceVersionDate "2025.03.12"]
[SourceQuality "1"]

1. e4 e6 2. Bb5 a6 3. Ba4 b5 4. Bb3 Bb7 5. d3 d5 6. Qe2 Nf6 7. e5 Nfd7 8. d4 c5 9. c3 Nc6 10. Nf3 Be7 11. 0-0 g5 12. Be3 g4 13. Ne1 h5 14. Nd2 Qb6 15. Bc2 cxd4 16. cxd4 Rc8 17. Nb3 a5 18. Nd3 a4 19. Nbc5 Nxc5 20. dxc5 Qc7 21. Qd2 Rg8 22. b4 Nxe5 23. Bf4 Nc4 24. Qe2 Qd8 25. Ne5 Bg5 26. Bxg5 Rxg5 27. f4 gxf3 28. Nxf3 Rg7 29. Nd4 Qg5 30. Rae1 e5 31. Nxb5 Kf8 32. Rf2 e4 33. Nd4 Kg8 34. h4 Qg3 35. Nf5 Qc3 36. Nxg7 Kxg7 37. Ref1 Ne5 38. Qxh5 Rg8 39. Rxf7+ 1-0

[Event "Titled Tuesday intern op 25th Feb Early"]
[Site "Chess.com INT"]
[Date "2025.02.25"]
[Round "2"]
[White "Horobetz, Graham"]
[Black "Tari, Aryan"]
[Result "0-1"]
[WhiteElo "2250"]
[BlackElo "2621"]
[PlyCount "106"]
[EventDate "2025.02.25"]
[EventType "swiss (blitz)"]
[EventRounds "11"]
[EventCountry "USA"]
[SourceTitle "CB10_2025"]
[SourceDate "2025.03.05"]
[SourceVersion "1"]
[SourceVersionDate "2025.03.05"]
[SourceQuality "1"]

1. e4 e5 2. Nf3 Nc6 3. Bb5 Nge7 4. c3 d5 5. d4 exd4 6. 0-0 Bg4 7. Re1 Qd7 8. h3 Bxf3 9. Qxf3 0-0-0 10. e5 a6 11. Ba4 Qe6 12. Bf4 dxc3 13. Nxc3 Ng6 14. Rac1 Nxf4 15. Qxf4 Nb4 16. Red1 d4 17. Bb3 Qe7 18. Ne4 Nc6 19. Rc5 f6 20. exf6 gxf6 21. Rxc6 bxc6 22. Qf5+ Kb8 23. Rc1 Qe5 24. Qf3 c5 25. Qd3 f5 26. Nd2 Qf6 27. Nc4 Bh6 28. Rd1 Rhe8 29. Ba4 Re6 30. Na5 Rb6 31. Nc4 Re6 32. Qb3+ Rb6 33. Nxb6 Qxb6 34. Qc4 Ka7 35. Qd3 Qb4 36. Bb3 Rf8 37. Bc4 Qb6 38. b3 Bf4 39. Re1 Bd6 40. Re6 f4 41. f3 Qb4 42. Re2 Qb6 43. Rc2 Re8 44. Re2 Re3 45. Qd2 Qc6 46. Kf1 Qe8 47. Qa5 Qc6 48. Qd2 h5 49. Qc2 Qb6 50. Qd2 Qb7 51. Bd3 Qc6 52. Be4 Qb5 53. Bd3 Qxd3 0-1

[Event "Titled Tuesday intern op 25th Feb Early"]
[Site "Chess.com INT"]
[Date "2025.02.25"]
[Round "9"]
[White "Potawad, Anirudhha"]
[Black "Tari, Aryan"]
[Result "0-1"]
[WhiteElo "2306"]
[BlackElo "2621"]
[PlyCount "20"]
[EventDate "2025.02.25"]
[EventType "swiss (blitz)"]
[EventRounds "11"]
[EventCountry "USA"]
[SourceTitle "CB10_2025"]
[SourceDate "2025.03.05"]
[SourceVersion "1"]
[SourceVersionDate "2025.03.05"]
[SourceQuality "1"]

1. e4 e5 2. Nf3 Nc6 3. Bb5 Nge7 4. 0-0 Ng6 5. d4 exd4 6. Nxd4 Bc5 7. Be3 Bxd4 8. Bxd4 Nxd4 9. Qxd4 Qg5 10. Bc4 Nh4 0-1

[Event "Titled Tuesday intern op 25th Feb Early"]
[Site "Chess.com INT"]
[Date "2025.02.25"]
[Round "7"]
[White "Weishaeutel, Moritz"]
[Black "Tari, Aryan"]
[Result "0-1"]
[WhiteElo "2401"]
[BlackElo "2621"]
[PlyCount "58"]
[EventDate "2025.02.25"]
[EventType "swiss (blitz)"]
[EventRounds "11"]
[EventCountry "USA"]
[SourceTitle "CB10_2025"]
[SourceDate "2025.03.05"]
[SourceVersion "1"]
[SourceVersionDate "2025.03.05"]
[SourceQuality "1"]

1. e4 c6 2. d4 d5 3. exd5 cxd5 4. c4 Nf6 5. Nc3 g6 6. cxd5 Bg7 7. Bb5+ Nbd7 8. d6 0-0 9. dxe7 Qxe7+ 10. Nge2 a6 11. Bd3 b5 12. a3 Bb7 13. 0-0 Nb6 14. Re1 Qd7 15. Ng3 Rfe8 16. Be3 h5 17. Qc2 Rac8 18. Rad1 h4 19. Nge2 h3 20. Nf4 hxg2 21. Qb1 Ng4 22. Be4 Nc4 23. Bxb7 Qxb7 24. Nxg2 Qf3 25. Rf1 Ncxe3 26. fxe3 Qh3 27. Rf4 Qxh2+ 28. Kf1 Qh1+ 29. Ke2 Qxg2+ 0-1

[Event "Titled Tuesday intern op 11th Feb Early"]
[Site "Chess.com INT"]
[Date "2025.02.11"]
[Round "4"]
[White "Blomqvist, Erik"]
[Black "Tari, Aryan"]
[Result "0-1"]
[WhiteElo "2460"]
[BlackElo "2621"]
[PlyCount "74"]
[EventDate "2025.02.11"]
[EventType "swiss (blitz)"]
[EventRounds "11"]
[EventCountry "USA"]
[SourceTitle "CB09_2025"]
[SourceDate "2025.02.27"]
[SourceVersion "1"]
[SourceVersionDate "2025.02.27"]
[SourceQuality "1"]

1. e4 e5 2. Nf3 Nc6 3. Bb5 Nge7 4. d4 exd4 5. Nxd4 Ng6 6. Nc3 Bc5 7. Nf5 0-0 8. Be3 Bb6 9. Bxb6 axb6 10. 0-0 d6 11. Ne3 Nce7 12. Bc4 c6 13. a4 Kh8 14. Qd4 f5 15. exf5 Nxf5 16. Nxf5 Bxf5 17. Bd3 d5 18. Bxf5 Rxf5 19. Rae1 Qc7 20. g3 Raf8 21. f4 R5f6 22. Nd1 Ne7 23. Ne3 c5 24. Qd2 d4 25. Ng4 Rd6 26. c4 dxc3 27. Qxc3 Nf5 28. Re4 Nd4 29. Rfe1 Qc6 30. b3 Qd5 31. Ne5 Rdd8 32. b4 cxb4 33. Qxb4 Nc2 34. Qxb6 Nxe1 35. Rxe1 Qd2 36. Rf1 Qd5 37. Rf2 Rc8 0-1

[Event "Titled Tuesday intern op 11th Feb Early"]
[Site "Chess.com INT"]
[Date "2025.02.11"]
[Round "11"]
[White "Korchynskyi, Mykola"]
[Black "Tari, Aryan"]
[Result "1-0"]
[WhiteElo "2263"]
[BlackElo "2621"]
[PlyCount "75"]
[EventDate "2025.02.11"]
[EventType "swiss (blitz)"]
[EventRounds "11"]
[EventCountry "USA"]
[SourceTitle "CB09_2025"]
[SourceDate "2025.02.27"]
[SourceVersion "1"]
[SourceVersionDate "2025.02.27"]
[SourceQuality "1"]

1. d4 d5 2. c4 e6 3. Nc3 c5 4. e3 Nf6 5. cxd5 exd5 6. Nf3 Nc6 7. Bb5 cxd4 8. Nxd4 Bd7 9. 0-0 Bd6 10. h3 0-0 11. b3 Be5 12. Bxc6 bxc6 13. Bb2 Re8 14. Rc1 Rc8 15. Na4 Ne4 16. Qe2 c5 17. Nf3 Bxb2 18. Nxb2 Qa5 19. a4 Rb8 20. Rfd1 Nc3 21. Qe1 Rxb3 22. Rxd5 Bc6 23. Rf5 Be4 24. Rf4 Qb4 25. Nd3 Qc4 26. Nfe5 Rxe5 27. Nxe5 Ne2+ 28. Kh2 Qxc1 29. Qxe2 Bd5 30. Qa6 Be6 31. Nxf7 Rb6 32. Qxa7 Qb2 33. Qe7 h6 34. Nd6 Ba2 35. Rg4 Kh7 36. Ne8 Bf7 37. Qxf7 Qe5+ 38. f4 1-0